The Social and Organizational Context of Management Accounting (Record no. 7742)
[ view plain ]
| 000 -LEADER | |
|---|---|
| fixed length control field | 00304nam a2200109Ia 4500 |
| 100 ## - MAIN ENTRY--AUTHOR NAME | |
| Personal name | Anthony G Puxty |
| 245 #4 - TITLE STATEMENT | |
| Title | The Social and Organizational Context of Management Accounting |
| 260 ## - PUBLICATION, DISTRIBUTION, ETC. (IMPRINT) | |
| Place of publication | London |
| Name of publisher | Prentice Hall |
| Year of publication | 1998 |
| 300 ## - PHYSICAL DESCRIPTION | |
| Number of Pages | 163 |
| 942 ## - ADDED ENTRY ELEMENTS (KOHA) | |
| Koha item type | Books |
| Withdrawn status | Lost status | Collection code | Permanent Location | Current Location | Shelving location | Date acquired | Full call number | Accession Number | Koha item type |
|---|---|---|---|---|---|---|---|---|---|
| | | | MAJU | MAJU | | 2019-09-12 | 954.035 | 1818 | Accounting |